000 03008nam0a2200553 4500
001 RU\NLR\bibl\1661674
005 20260405111938.0
010 _a978-5-89347-543-2
_9120
021 _aRU
_b2010-49910
_93300
035 _a(nilc)RSL-KNO-004702776
035 _aRU\LSL\Books\2498747
035 _aRU\LSL\Books\2534675
035 _aEL/0000252789
035 _a(NLR Aleph) 001652959
090 _a933427
_c933427
100 _a20100705d2008 |||y0rusy50 ca
101 0 _arus
102 _aRU
105 _aa zzzz|||||
200 1 _aОсновы радиосвязи и телевидения
_eучебное пособие
_fЮ. Л. Комаров, О.Г. Морозов, А.Н. Пикулев, Р.Р. Самигуллин
_gпод ред. д.т.н. О. Г. Морозова
_gМ-во связи и информатизации Российской Федерации, Федеральное агентство связи, Поволжский гос. ун-т телекоммуникаций и информатики, (Казанский фил.)
210 _aКазань
_cЗАО "Новое знание"
_d2008
215 _a351 с.
_cил.
_d21
320 _aБиблиогр.: с. 343-345 (30 назв.)
606 1 _aТелевидение
_jУчебные издания для заочного обучения
_9895343
_3RU\NLR\auth\664367
606 1 _aРадиосвязь
_jУчебные издания для заочного обучения
_91031664
_3RU\NLR\auth\6678058
610 0 _aТелевидение -- Теория -- Учебник для высшей школы
610 0 _aРадиоэлектроника -- Электрическая связь -- Радиосвязь -- Теоретические основы радиосвязи -- Учебник для высшей школы
686 _aЗ94-01я73-1
_2rubbk
686 _aЗ884.1-01я73-1
_2rubbk
686 _aЗ94
_vLBC/SL
_2rubbk
686 _a49.45
_2rugasnti
686 _aЗ884.1
_2rubbk
686 _a49.43
_2rugasnti
686 _aЗ94я738-1
686 _aЗ884.1я738-1
701 1 _4070
_8rus
_7ca
_aКомаров
_bЮ. Л.
_cканд. техн. наук
_gЮрий Леонидович
_3RU\NLR\auth\7742854
_925797
701 1 _4070
_7ca
_8rus
_aМорозов
_bО. Г.
_cд-р техн. наук
_gОлег Геннадьевич
_925615
_3RU\NLR\auth\7742672
701 1 _aПикулев
_bА. Н.
_gАндрей Николаевич
_4070
701 1 _aСамигуллин
_bР. Р.
_gРустем Разяпович
_4070
702 1 _4340
_7ca
_8rus
_aМорозов
_bО. Г.
_cд-р техн. наук
_gОлег Геннадьевич
_925615
_3RU\NLR\auth\7742672
801 0 _aRU
_bРГБ
_c20100705
_grcr
801 1 _aRU
_bРГБ
_c20100705
801 2 _aRU
_bНБ Казанского ГУ
_c20060221
801 2 _aRU
_bНБ Казанского ГУ
_c20090316
_gRCR
801 2 _aRU
_bNLR
_c20100806
_grcr
830 _aавт. по кн.
942 _cBOOK
980 _aNB